Theory & Problem OF Statistics (Record no. 2661)
[ view plain ]
| 000 -LEADER | |
|---|---|
| fixed length control field | 00443nam a2200157Ia 4500 |
| 008 - FIXED-LENGTH DATA ELEMENTS--GENERAL INFORMATION | |
| fixed length control field | 151213s9999 xx 000 0 und d |
| 100 ## - MAIN ENTRY--PERSONAL NAME | |
| Personal name | M. R. Spiegel & L.J. Staphers |
| 245 ## - TITLE STATEMENT | |
| Title | Theory & Problem OF Statistics |
| Statement of responsibility, etc. | M. R. Spiegel & L.J. Staphers |
| 250 ## - EDITION STATEMENT | |
| Edition statement | 3rd |
| 260 ## - PUBLICATION, DISTRIBUTION, ETC. (IMPRINT) | |
| Place of publication, distribution, etc. | Singapur |
| Name of publisher, distributor, etc. | Mc Grow Hill |
| Date of publication, distribution, etc. | 2004 |
| 300 ## - PHYSICAL DESCRIPTION | |
| Extent | 4237 p. |
| 650 ## - SUBJECT ADDED ENTRY--TOPICAL TERM | |
| Topical term or geographic name as entry element | Statistics |
| 650 ## - SUBJECT ADDED ENTRY--TOPICAL TERM | |
| Topical term or geographic name as entry element | Statistics |
| 700 ## - ADDED ENTRY--PERSONAL NAME | |
| Personal name | M. R. Spiegel & L.J. Staphers |
No items available.
